000 00686nam a2200241Ia 4500
003 OSt
005 20220925223421.0
006 a|||||r|||| 00| 0
007 ta
008 220923b |||||||| |||| 00| 0 eng d
020 _a0415380189
037 _cGeneral Book
040 _aRTL
_cRTL
_beng
041 _2eng
_aeng
082 _aV41:194.4295.P, P6
100 _aTsang Steve Ed.
_9289627
245 0 _aIf China attacks Taiwan
_b Military strategy, politi
260 _aLondon
_bRoutledge
_c2006
300 _axviii, 215p
_ccm.
650 _aChina History
942 _hV41:194.4295.P, P6
_cGB
_2CC
999 _c579508
_d579508